A hands-on guide to Khoros Pro 2001: student version
Saved in:
| Main Authors: | , , |
|---|---|
| Format: | Bog |
| Sprog: | engelsk |
| Udgivet: |
San Marcos
Khoral Research
2000
|
| Fag: | |
| Tags: |
Tilføj Tag
Ingen Tags, Vær først til at tagge denne postø!
|
MARC
| LEADER | 00000nam a2200000 a 4500 | ||
|---|---|---|---|
| 001 | UCO7882 | ||
| 003 | CL-VaPUC | ||
| 008 | 001124e20000000us |||||||||||||||||eng|d | ||
| 082 | 0 | 4 | |a 005.369 |b JOR |2 21 |
| 100 | 0 | |a Jordán, Ramiro |e author |9 452651 | |
| 700 | 0 | |a Lotufo, Roberto A |e author |9 452652 | |
| 700 | 0 | |a Argiro, Danielle |e author |9 452653 | |
| 245 | 1 | 2 | |a A hands-on guide to Khoros Pro 2001: student version |
| 300 | |a 148 h | ||
| 942 | |c BK | ||
| 945 | |d 20001124 00:00:00 |a cmena | ||
| 260 | |a San Marcos |b Khoral Research |c 2000 | ||
| 500 | |a Incluye CD Khoros Pro 2001, student version | ||
| 650 | 7 | |a KHOROS PRO 2001 |2 CL-VaPUC |9 452654 | |
| 650 | 0 | |a Proceso de datos |9 259776 | |
| 650 | 0 | |a Procesamiento de imágenes |9 316062 | |
| 650 | 0 | |a Lenguajes de programación |9 259458 | |
| 650 | 0 | |a Software |9 387312 | |
| 583 | |a last modification |c 20171218 12:38:07 |k Rodrigo Vera | ||
| 999 | |c 292723 |d 292721 | ||
| 952 | |0 0 |1 0 |4 0 |6 005_369000000000000_JOR_2000 |7 0 |8 A |9 343784 |a BIBING |b BIBING |d 2019-11-20 |i 366743K |o 005.369 JOR 2000 |p 366743K |r 2025-01-20 |w 2019-11-20 |y BK |k EIE | ||